| 000 | 00660nam a2200205 a 4500 | ||
|---|---|---|---|
| 005 | 20170925093239.0 | ||
| 008 | 140221b1989 bl ||||| |||| 00| 0 por d | ||
| 040 |
_aCO-BoIAVH _cCO-BoIAVH |
||
| 041 | _apor | ||
| 044 | _abl | ||
| 082 |
_a578.09 _bP21i |
||
| 100 | _aPapavero, Nelson | ||
| 245 |
_aIntroducao historica a biologia comparada com especial referencia a biogeografia _ba Idade Média |
||
| 260 |
_aRío de Janeiro _bEditora Universitaria Santa Ursula _c1989 |
||
| 300 |
_a219 páginas _b20 x 14 cm |
||
| 650 | 1 | 4 | _aHistoria de la biología |
| 650 | 1 | 4 | _aBiología comparada |
| 650 | 1 | 4 | _aBiogeografía |
| 942 |
_cLIBRO _2ddc |
||
| 999 |
_c570 _d570 |
||